00214nam a2200097Ia 4500008004100000082001400041100001400055245001800069260001700087600001200104241002s9999 xx 000 0 und d a921.7 GOR aGorky, M. 0aMy University aMascowc1953 aHistory